| 000 | 00759nam a22001337a 4500 | ||
|---|---|---|---|
| 040 | _cRUA | ||
| 082 | _aMNR TAL 2013 B424 Or.1 | ||
| 100 | _aTAL MAKARA ; តាល់ មករា | ||
| 245 | _aEffect of eri-culture on promoting environmental awareness in prey chhor district , kampong cham province, ឥទ្ធិពលនៃការចិញ្ចឹមដង្កូវនាងពូជអេរីលើការជំរុញការយល់ដឹងពីបរិស្ថាន នៅស្រុកព្រៃឈរ ខេត្តកំបង់ចាម | ||
| 260 |
_aPhnom Penh _bRUA _c2013 |
||
| 300 |
_axi p;54p. _bill. _c29cm. |
||
| 856 | _uhttps://drive.google.com/file/d/1XkTiIlFGfCZ6UZbeVXt7-ATVwxwUGbxR/view?usp=sharing | ||
| 942 | _cMNR | ||
| 999 |
_c6949 _d6949 |
||